000 00673nam a2200229 a 4500
001 BRCA_5284
005 20190320205021.0
008 011210s1906----enka######---#000-0#eng-#
041 _aeng
044 _aenk
050 4 _aPZ3
_b.D53D 1906
100 1 _aDickens, Charles
_d1812 - 1870
_913541
245 1 0 _aDavid Copperfield
_cby Charles Dickens
260 _aLondres
_bThomas Nelson and Sons
_c1906
300 _a920 p .
_bil., 1 lámina
_c16 cm.
440 0 _aNew Century Library
_pThe Work of Charles Dickens
_vVIII
_913542
500 _aEdición con cabeza dorada
500 _aM2
650 1 4 _aLiteratura inglesa
_ySiglo XX
_913543
902 _aGFM
942 _2lcc
_cB
999 _c4978
_d4978